|
|
|
|
| LEADER |
00000nam0a2200000 4500 |
| 001 |
237664 |
| 005 |
20231101231543.0 |
| 010 |
|
|
|a 9785994206799
|
| 035 |
|
|
|a (RuTPU)RU\TPU\book\258839
|
| 090 |
|
|
|a 237664
|
| 100 |
|
|
|a 20130516d2011 m y0rusy50 ca
|
| 101 |
0 |
|
|a rus
|
| 102 |
|
|
|a RU
|
| 105 |
|
|
|a y z 001ay
|
| 200 |
1 |
|
|a Новые крестоносцы
|f О. Шабловский
|
| 210 |
|
|
|a Санкт-Петербург
|c Ленинградское изд-во
|d 2011
|
| 215 |
|
|
|a 367 с.
|
| 320 |
|
|
|a Глоссарий: с. 349-366.
|
| 330 |
|
|
|a Группа студентов-археологов, отправившихся в Прибалтику на раскопки языческого капища, волею случая попадают в глубокое прошлое. Начало XVI века, территория Ливонского ордена, суровое и страшное время падения и становления государств. Пытаясь просто выжить, во враждебном окружении, герои невольно начинают менять ход всей мировой истории.
|
| 606 |
1 |
|
|a Русская литература современная
|2 stltpush
|3 (RuTPU)RU\TPU\subj\26373
|9 50316
|
| 610 |
1 |
|
|a романы
|
| 610 |
1 |
|
|a фантастика
|
| 610 |
1 |
|
|a историческая фантастика
|
| 675 |
|
|
|a Р2
|v 3
|
| 700 |
|
1 |
|a Шабловский
|b О.
|g Олег
|
| 801 |
|
1 |
|a RU
|b 63413507
|c 20130516
|
| 801 |
|
2 |
|a RU
|b 63413507
|c 20130523
|g RCR
|
| 942 |
|
|
|c BK
|